| LEADER | 00862nam a2200229 a 4500 | ||
|---|---|---|---|
| 001 | GR-MES4284 | ||
| 008 | 991111s1978 gr 000 0 gre d | ||
| 040 | |a GrPaTEI |b gre |c GR-PaULI | ||
| 245 | 0 | 2 | |a Ο Δούρειος ίππος : |b η εθνική και πολιτική κρίσις κατά την κατοχή. |
| 260 | |a Αθήνα : |b Δωδώνη, |c 1978 | ||
| 300 | |a 451σελ. | ||
| 650 | 4 | |a ΕΔΕΣ | |
| 650 | 4 | |a ΕΛΑΣ | |
| 650 | 4 | |a Ελλάδα | |
| 650 | 4 | |a ΚΑΤΟΧΗ | |
| 650 | 1 | 0 | |a 1944 |
| 700 | 1 | |a Πυρομαγλου, Κ. | |
| 710 | 0 | |a Δωδώνη | |
| 942 | |2 ddc | ||
| 952 | |0 0 |1 0 |2 ddc |4 0 |6 949_507000000000000_4_ΠΥΡ |7 0 |9 268935 |a MSLG |b MSLG |c BSC |d 2021-01-17 |e 24 |f 0 |g 0.00 |l 0 |o 949.507 4 ΠΥΡ |p 2420000010983 |r 2021-01-17 00:00:00 |t 1 |w 2021-01-17 |y BK15 |x 19991111 0 1 |x GrPaTEI | ||
| 971 | |a .b25753307 |b 16-04-20 |c 13-09-16 | ||
| 999 | |c 155042 |d 155042 | ||